| 000 | 00704cam a22002413a 4500 | ||
|---|---|---|---|
| 001 | 28348 | ||
| 003 | PGUSA | ||
| 005 | 20140828083619.0 | ||
| 008 | 090317s2009||||xxu|||||s|||||000 | eng d | ||
| 040 |
_aPGUSA _beng |
||
| 042 | _adc | ||
| 050 | 4 | _aCN | |
| 100 | 1 |
_aCordeiro, Luciano, _d1844-1900 |
|
| 245 | 1 | 0 |
_aInscripções portuguezas _h[electronic resource] / _cLuciano Cordeiro |
| 260 |
_bProject Gutenberg, _c2009 |
||
| 506 | _aPublic domain in the USA. | ||
| 516 | _aElectronic text | ||
| 653 | _aSepulchral monuments -- Portugal | ||
| 653 | _aArchitectural inscriptions -- Portugal | ||
| 830 | 0 |
_aProject Gutenberg _v28348 |
|
| 856 | 4 | 0 | _uhttp://www.gutenberg.org/ebooks/28348 |
| 942 | _cEB | ||
| 999 |
_c257603 _d257603 |
||